00639nam a2200145 a 4500008004100000050001500041100002500056245003500081260003200116300002300148350000900171995014800180995014800328999001700476120416s1969 ||||||||||||||||| || u aTA 330 Cun aCunnington, Robert J10aCalculation for craft students aNew YorkbMcGraw-Hillc1969 aviii, 145p. : ill. a0.00 aANNEX COLLECTION (Main Library)D0.00e717525FCBU-MAIN LIBRARY (Kitwe)H2I1.95jTA 330 CunM1UAVAILABLEy014610ZAnnex Low-Usage Collection  aANNEX COLLECTION (Main Library)D0.00e717524FCBU-MAIN LIBRARY (Kitwe)H1I1.95jTA 330 CunM2UAVAILABLEy014611ZAnnex Low-Usage Collection  c79101d79101